| 000 | 00920nam a22002777a 4500 | ||
|---|---|---|---|
| 001 | 25501 | ||
| 005 | 20260428154652.0 | ||
| 008 | 260427b |||||||| |||| 00| 0 spa d | ||
| 020 | _a9786123113247 | ||
| 041 | _aESP | ||
| 082 |
_a346.6 _bD84 T. 2 |
||
| 100 | _a, | ||
| 110 | _aDivisión de Estudios Jurídicos de Gaceta Jurídica | ||
| 245 |
_aLa práctica contractual en sus modelos y documentos : _bcon referencias a las normas aplicables, tipos de pactos y cláusulas particulares |
||
| 250 | _aPrimera edición | ||
| 260 |
_aLima : _bGaceta Jurídica, _c2016 |
||
| 300 |
_a534 páginas : _c25 cm. |
||
| 440 | _a ; | ||
| 650 | _aCIS | ||
| 653 | _aDerecho; Derecho civil; Contratos | ||
| 654 | _aCDE | ||
| 700 |
_aMuro Rojo, Manuel _eAUT |
||
| 700 |
_aTorres Carrasco, Manuel _eAUT |
||
| 856 |
_uhttps://itmsp.museknowledge.com/UCSP?groupID=2 _zVéase Biblioteca Digital |
||
| 942 |
_cLIB _dJUS _fTRC _n0 _2ddc |
||
| 999 |
_c25501 _d25501 |
||